[Event "34 Nezhmetdinov Cup"]
[Site ", "]
[Date "2012.09.28"]
[Round "3.5"]
[White "Ponfilenok, Vladimir"]
[Black "Lintchevski, Daniil"]
[Result "1/2-1/2"]
[WhiteElo "2392"]
[BlackElo "2554"]
[PlyCount "129"]
[EventDate "2013.??.??"]

1. d4 Nf6 2. Nf3 g6 3. g3 Bg7 4. Bg2 c5 5. c4 Qa5+ 6. Nc3 Ne4 7. Qd3 cxd4 8.
Nxd4 Nc5 9. Qe3 Nc6 10. Ndb5 Ne6 11. Bd2 Qd8 12. O-O a6 13. Na3 O-O 14. Qd3 d6
15. Rad1 Bd7 16. Qb1 Rb8 17. Nc2 b5 18. cxb5 axb5 19. Nd5 Nc7 20. Ncb4 Nxd5 21.
Bxd5 Nxb4 22. Bxb4 Bf5 23. Qa1 Qb6 24. e3 Rfc8 25. Rc1 e6 26. Bg2 Rc4 27. a3 d5
28. Rfd1 Ra8 29. Rxc4 bxc4 30. Qc1 Rc8 31. h3 h5 32. Rd2 Rb8 33. Qe1 Rb7 34.
Qd1 Bd3 35. Bf1 Bxf1 36. Qxf1 Qc6 37. Qd1 Rb8 38. Qf3 Qa4 39. g4 hxg4 40. hxg4
Rxb4 41. axb4 Bxb2 42. Qe2 c3 43. Rc2 Qxb4 44. f3 Kf8 45. Kf2 Ke7 46. Qd3 Qb8
47. Kf1 Qg3 48. Rf2 Qc7 49. Rc2 Qe5 50. Qd4 Qb8 51. Qc5+ Kd7 52. Ke2 Qb7 53.
Qa5 Qb3 54. Qa7+ Ke8 55. Kd1 Qb5 56. Ke1 Qd3 57. Qa4+ Kf8 58. Qb4+ Ke8 59. Qb8+
Ke7 60. Qc7+ Kf8 61. Qb8+ Ke7 62. Qc7+ Kf8 63. Qb8+ Ke7 64. Qc7+ Kf8 65. Qb8+
1/2-1/2

[Event "34 Nezhmetdinov Cup"]
[Site ", "]
[Date "2012.09.28"]
[Round "3.6"]
[White "Burmakin, Vladimir"]
[Black "Pasiev, Rakhim"]
[Result "0-1"]
[WhiteElo "2596"]
[BlackElo "2333"]
[PlyCount "90"]
[EventDate "2013.??.??"]

1. d4 d5 2. Nf3 Nc6 3. Bf4 Bg4 4. e3 e6 5. Be2 Bd6 6. Bg3 Nge7 7. Nbd2 Ng6 8.
c4 O-O 9. Rc1 Nce7 10. c5 Bxg3 11. hxg3 c6 12. Ng1 Bxe2 13. Qxe2 h6 14. f4 f6
15. g4 b6 16. Nh3 bxc5 17. Rxc5 Qd6 18. O-O e5 19. f5 Nh8 20. Nb3 Nf7 21. Rc2
Rfe8 22. Qf2 h5 23. Qh4 hxg4 24. Qxg4 Nh6 25. Qh5 exd4 26. exd4 Nexf5 27. Rxf5
Nxf5 28. Qxf5 Qg3 29. Rf2 Re1+ 30. Rf1 Rae8 31. Qf2 Rxf1+ 32. Kxf1 Qd3+ 33. Kg1
Re2 34. Qf1 Qe4 35. Kh2 Rxb2 36. Nf4 Rxa2 37. Nc5 Qxd4 38. Nce6 Ra1 39. Qf3
Qg1+ 40. Kh3 Qh1+ 41. Kg4 Qd1 42. Qxd1 Rxd1 43. Nd8 c5 44. Nc6 d4 45. Nxa7 c4
0-1

[Event "34 Nezhmetdinov Cup"]
[Site ", "]
[Date "2012.09.28"]
[Round "3.7"]
[White "Severina, Maria"]
[Black "Volkov, Sergey"]
[Result "0-1"]
[WhiteElo "2173"]
[BlackElo "2575"]
[PlyCount "79"]
[EventDate "2013.??.??"]

1. d4 e6 2. c4 Bb4+ 3. Bd2 a5 4. Nc3 Nf6 5. a3 Bxc3 6. Bxc3 Ne4 7. Qc2 f5 8. g3
b6 9. Bg2 Bb7 10. Nf3 O-O 11. O-O d6 12. b4 Nd7 13. Nd2 Ndf6 14. Nxe4 Bxe4 15.
Qb3 a4 16. Qa2 Bxg2 17. Kxg2 Qd7 18. f3 Kh8 19. Rad1 h6 20. d5 Rae8 21. Bxf6
Rxf6 22. e4 fxe4 23. fxe4 Rxf1 24. Rxf1 exd5 25. exd5 Qg4 26. Rf2 Qe4+ 27. Kg1
Qd3 28. Kg2 Re3 29. Kh3 Kh7 30. c5 bxc5 31. bxc5 dxc5 32. Qc2 c4 33. Rd2 Qxc2
34. Rxc2 Re4 35. Kg2 Kg6 36. Kf3 Kf5 37. Rb2 c3 38. Rb5 Rc4 39. d6+ Ke6 40.
dxc7 0-1

[Event "34 Nezhmetdinov Cup"]
[Site ", "]
[Date "2012.09.28"]
[Round "3.8"]
[White "Predke, Alexandr"]
[Black "Isajevsky, Anton"]
[Result "1-0"]
[WhiteElo "2496"]
[BlackElo "2427"]
[PlyCount "181"]
[EventDate "2013.??.??"]

1. e4 e5 2. Nf3 Nc6 3. Bb5 Nf6 4. O-O Nxe4 5. d4 Nd6 6. Bxc6 dxc6 7. dxe5 Nf5
8. Qxd8+ Kxd8 9. Nc3 Ke8 10. b3 Be6 11. Bb2 Bb4 12. Ne2 Bd5 13. Nfd4 Nxd4 14.
Nxd4 Bc5 15. Nf5 Rg8 16. Rfe1 Be6 17. Ng3 Rd8 18. Ne4 Be7 19. Rad1 Rxd1 20.
Rxd1 Bf5 21. Re1 Kd7 22. f3 Ke6 23. g4 Bxe4 24. Rxe4 Rd8 25. Bc3 Rd1+ 26. Kg2
g5 27. h4 gxh4 28. f4 Kd5 29. Re2 b5 30. f5 b4 31. Be1 Rd4 32. Kh3 Re4 33. Rxe4
Kxe4 34. Bxh4 Bxh4 35. Kxh4 Kxe5 36. Kg5 a5 37. Kh6 Kf4 38. f6 Kxg4 39. Kg7 h5
40. Kxf7 h4 41. Ke6 h3 42. f7 h2 43. f8=Q h1=Q 44. Qf5+ Kg3 45. Kd7 Qb1 46.
Qxa5 Qxc2 47. Qxc7+ Kh3 48. Qxc6 Qxa2 49. Qf3+ Kh2 50. Qf4+ Kh3 51. Qxb4 Qa7+
52. Kc6 Qa6+ 53. Qb6 Qc8+ 54. Kb5 Qe8+ 55. Qc6 Qb8+ 56. Ka4 Qa7+ 57. Kb5 Qb8+
58. Kc4 Qf4+ 59. Kd3 Qf1+ 60. Kc2 Qe2+ 61. Kc1 Qe1+ 62. Kb2 Kg4 63. Qg6+ Kf4
64. Qd6+ Kf5 65. b4 Qe3 66. Kc2 Qe2+ 67. Kc3 Qa2 68. b5 Qa5+ 69. Kc4 Qa4+ 70.
Kc5 Qa3+ 71. Kc6 Qa8+ 72. Kb6 Kg5 73. Qc5+ Kg4 74. Qc6 Qb8+ 75. Ka6 Qf8 76. b6
Qa3+ 77. Kb5 Qb3+ 78. Kc5 Qa3+ 79. Kd5 Qf3+ 80. Kd6 Qf4+ 81. Kd7 Qf7+ 82. Kc8
Qf8+ 83. Kc7 Qf4+ 84. Qd6 Qc4+ 85. Kd7 Qf7+ 86. Kc8 Qg8+ 87. Qd8 Qc4+ 88. Kb8
Kh5 89. Qd1+ Kg5 90. Qg1+ Kf6 91. Qg3 1-0

[Event "34 Nezhmetdinov Cup"]
[Site ", "]
[Date "2012.09.28"]
[Round "3.9"]
[White "Sharafiev, Azat"]
[Black "Chigaev, Maksim"]
[Result "1/2-1/2"]
[WhiteElo "2414"]
[BlackElo "2456"]
[PlyCount "35"]
[EventDate "2013.??.??"]

1. d4 Nf6 2. Nf3 g6 3. g3 Bg7 4. Bg2 O-O 5. O-O d6 6. a4 a5 7. c3 Nbd7 8. Nbd2
Re8 9. e4 e5 10. Re1 b6 11. Qc2 Bb7 12. dxe5 Nxe5 13. Nxe5 Rxe5 14. Nc4 Rc5 15.
Nd2 Re5 16. Nc4 Rc5 17. Nd2 Re5 18. Nc4 1/2-1/2

[Event "34 Nezhmetdinov Cup"]
[Site ", "]
[Date "2012.09.28"]
[Round "3.10"]
[White "Dvoirys, Semen I"]
[Black "Sadykov, Ramil"]
[Result "0-1"]
[WhiteElo "2533"]
[BlackElo "2234"]
[PlyCount "114"]
[EventDate "2013.??.??"]

1. e4 e6 2. d4 d5 3. e5 c5 4. c3 Nc6 5. Nf3 Qb6 6. a3 Bd7 7. b4 cxd4 8. cxd4
Rc8 9. Be3 Nh6 10. Bd3 Ng4 11. O-O Be7 12. Qe1 O-O 13. Nc3 Nxe3 14. fxe3 f5 15.
exf6 Bxf6 16. Na4 Qd8 17. Nc5 b6 18. Nxd7 Qxd7 19. Qg3 Ne7 20. Ne5 Qd6 21. Rf4
g6 22. Ng4 Nf5 23. Nxf6+ Rxf6 24. Qg5 Rcf8 25. Rf3 Kg7 26. Raf1 a5 27. bxa5
bxa5 28. a4 h6 29. Qg4 Qa3 30. Bxf5 exf5 31. Qf4 Qxa4 32. Qc7+ R8f7 33. Qd8 Qb5
34. g4 a4 35. gxf5 a3 36. Qa8 Ra6 37. f6+ Kh7 38. Qc8 a2 39. Qc3 Qb1 40. Qa1
Qxa1 41. Rxa1 Kg8 42. Rf2 Rfa7 43. f7+ Kf8 44. Kg2 Ra3 45. h3 g5 46. Kh2 h5 47.
Re2 Kxf7 48. Rg2 Kg6 49. Rf2 Rxe3 50. Raxa2 Rxa2 51. Rxa2 Rf3 52. Ra8 Rf4 53.
Kg3 h4+ 54. Kg2 Rxd4 55. Kf3 Rd3+ 56. Kg2 Rg3+ 57. Kh2 d4 0-1

[Event "34 Nezhmetdinov Cup"]
[Site ", "]
[Date "2012.09.28"]
[Round "3.11"]
[White "Faizrakhmanov, Ramil"]
[Black "Goganov, Aleksey"]
[Result "0-1"]
[WhiteElo "2290"]
[BlackElo "2525"]
[PlyCount "92"]
[EventDate "2013.??.??"]

1. d4 Nf6 2. c4 g6 3. Nc3 Bg7 4. e4 d6 5. h3 O-O 6. Nf3 e5 7. d5 a5 8. Bg5 Na6
9. Nd2 Qe8 10. g4 Nd7 11. Be2 Ndc5 12. a3 Bd7 13. f3 f5 14. Be3 Qe7 15. h4 fxg4
16. fxg4 a4 17. Qc2 Rf4 18. Bxf4 exf4 19. O-O-O Nb3+ 20. Nxb3 axb3 21. Qxb3 Nc5
22. Qc2 Ba4 23. Nxa4 Nxa4 24. b3 Nc3 25. a4 Nxe4 26. Bf3 Nc5 27. Rhe1 Qxh4 28.
Kb1 Qf6 29. Ka2 Qg5 30. Re2 Be5 31. Rde1 Ra6 32. Ka3 Qd8 33. Rh2 Qa8 34. Reh1
Rb6 35. Rb1 Bd4 36. Re2 Rxb3+ 37. Qxb3 Nxb3 38. Rxb3 Bc5+ 39. Kb2 Qxa4 40. Rxb7
Bd4+ 41. Kc1 Qa3+ 42. Kb1 Qxf3 43. Re8+ Kf7 44. Rbb8 Qd1+ 45. Ka2 Qc2+ 46. Ka3
Bc5+ 0-1

[Event "34 Nezhmetdinov Cup"]
[Site ", "]
[Date "2012.09.28"]
[Round "3.12"]
[White "Toropov, Pavel"]
[Black "Loskutov, Oleg"]
[Result "1/2-1/2"]
[WhiteElo "2261"]
[BlackElo "2422"]
[PlyCount "61"]
[EventDate "2013.??.??"]

1. e4 c5 2. Nf3 d6 3. Bb5+ Nd7 4. d4 cxd4 5. Qxd4 a6 6. Bxd7+ Bxd7 7. Nc3 Rc8
8. Be3 e5 9. Qd3 Be6 10. O-O-O Qc7 11. Nd5 Bxd5 12. exd5 Nf6 13. Ne1 g6 14. f3
Bg7 15. c3 O-O 16. Nc2 Nh5 17. g4 Nf4 18. Bxf4 exf4 19. Rhe1 Qa5 20. Kb1 Qb6
21. Nd4 Rc7 22. Re4 Be5 23. Nb3 Kg7 24. c4 Re8 25. Rde1 Rce7 26. g5 Qc7 27. Nc1
b5 28. cxb5 Rb8 29. Rxe5 Rxe5 30. Rxe5 dxe5 31. bxa6 1/2-1/2

[Event "34 Nezhmetdinov Cup"]
[Site ", "]
[Date "2012.09.28"]
[Round "3.13"]
[White "Mirzanurov, Bulat"]
[Black "Smirnov, Alexey"]
[Result "1/2-1/2"]
[WhiteElo "2208"]
[BlackElo "2420"]
[PlyCount "82"]
[EventDate "2013.??.??"]

1. d4 d5 2. c4 c6 3. Nf3 Nf6 4. Nc3 e6 5. Bg5 h6 6. Bxf6 Qxf6 7. e3 Nd7 8. Bd3
g6 9. O-O dxc4 10. Bxc4 Bg7 11. e4 e5 12. d5 Nb6 13. Bb3 Bg4 14. Rc1 O-O 15. h3
Bxf3 16. Qxf3 Qxf3 17. gxf3 Rfd8 18. Rfd1 Bf8 19. dxc6 bxc6 20. Na4 Rxd1+ 21.
Rxd1 Nxa4 22. Bxa4 Rb8 23. b3 Rc8 24. Rc1 c5 25. Rd1 c4 26. bxc4 Rxc4 27. Bb3
Rc6 28. Rd7 Rf6 29. Kg2 Bc5 30. Bd5 Kg7 31. Bb3 h5 32. Bd5 g5 33. Kg3 Rf4 34.
Rc7 Bb6 35. Rc2 Kf6 36. Bb7 Ke7 37. Bd5 Kd8 38. Bb7 Bd4 39. Bd5 Rf6 40. Rc6 h4+
41. Kg2 Rxc6 1/2-1/2

[Event "34 Nezhmetdinov Cup"]
[Site ", "]
[Date "2012.09.28"]
[Round "3.14"]
[White "Ivanov, Oleg"]
[Black "Arslanov, Shamil"]
[Result "1-0"]
[WhiteElo "2177"]
[BlackElo "2416"]
[PlyCount "93"]
[EventDate "2013.??.??"]

1. d4 d5 2. Nf3 Nf6 3. c4 c6 4. Nc3 e6 5. e3 Nbd7 6. Qc2 Bd6 7. g4 h6 8. Rg1 b5
9. cxb5 c5 10. g5 hxg5 11. Nxg5 Qe7 12. f4 cxd4 13. exd4 Bb7 14. Bd3 Rc8 15.
Qg2 e5 16. Nxf7 exf4+ 17. Kd1 Kxf7 18. Qxg7+ Ke6 19. Bf5+ Kxf5 20. Qg6+ Ke6 21.
Re1+ Ne5 22. dxe5 Bxe5 23. Bxf4 Rh5 24. Qxh5 Nxh5 25. Rxe5+ Kd7 26. Rxe7+ Kxe7
27. Bg5+ Ke6 28. Kd2 d4 29. Ne2 Ke5 30. Ng3 Nxg3 31. hxg3 Be4 32. Rc1 Rh8 33.
Bh4 Rf8 34. Rc5+ Kd6 35. Be7+ Kxe7 36. Re5+ Kd6 37. Rxe4 Kd5 38. Rf4 Re8 39.
Rf2 Kc4 40. g4 Rg8 41. Rg2 Kxb5 42. Kd3 Kc5 43. g5 Kd5 44. g6 Ke5 45. g7 a6 46.
Rg6 a5 47. Rg5+ 1-0

[Event "34 Nezhmetdinov Cup"]
[Site ", "]
[Date "2012.09.28"]
[Round "3.15"]
[White "Yeletsky, Ivan"]
[Black "Vlasenko, Miroslav"]
[Result "1/2-1/2"]
[WhiteElo "2099"]
[BlackElo "2400"]
[PlyCount "120"]
[EventDate "2013.??.??"]

1. e4 Nc6 2. Nf3 e6 3. d4 d5 4. e5 f6 5. Bf4 Nge7 6. Be2 Ng6 7. Bg3 fxe5 8.
dxe5 Bc5 9. O-O O-O 10. c4 dxc4 11. Bxc4 Nd4 12. Nbd2 b5 13. Bb3 Nxb3 14. Qxb3
Qe8 15. Ne4 Bb6 16. Nc3 Rxf3 17. gxf3 h5 18. h4 Ne7 19. Qxb5 Qf8 20. Qc4 Nf5
21. Kh2 Nd4 22. f4 Nf3+ 23. Kg2 Nd2 24. Qe2 Bb7+ 25. f3 Rd8 26. Ne4 Bxe4 27.
fxe4 Nxf1 28. Rxf1 Qb4 29. Be1 Qa4 30. f5 exf5 31. exf5 Qxa2 32. Bc3 Qd5+ 33.
Kh3 Bd4 34. Rd1 c5 35. Qxh5 Qxe5 36. Re1 Qf6 37. Re8+ Rxe8 38. Qxe8+ Kh7 39.
Qh5+ Kg8 40. Qe8+ Kh7 41. Qh5+ Qh6 42. Qf3 Bxc3 43. Qxc3 Qc6 44. Qc2 Qf3+ 45.
Kh2 Qf4+ 46. Kh3 Qe3+ 47. Kg2 Kh6 48. Qc4 Kh5 49. Qf7+ Kxh4 50. Qxg7 Qg5+ 51.
Qxg5+ Kxg5 52. Kf3 Kxf5 53. Ke3 Ke5 54. Kd3 Kd5 55. b3 Kc6 56. Kc4 a5 57. Kc3
Kb5 58. Kc2 Kc6 59. Kc3 Kd5 60. Kd3 Kd6 1/2-1/2

[Event "34 Nezhmetdinov Cup"]
[Site ", "]
[Date "2012.09.28"]
[Round "3.16"]
[White "Makhmutov, Rail"]
[Black "Shaydullina, Sandugach"]
[Result "1-0"]
[WhiteElo "2399"]
[BlackElo "2162"]
[PlyCount "113"]
[EventDate "2013.??.??"]

1. d4 d5 2. c4 dxc4 3. Nf3 Nf6 4. e3 e6 5. Bxc4 a6 6. Bb3 c5 7. O-O Nc6 8. Nc3
Qc7 9. Qe2 Bd6 10. Rd1 O-O 11. h3 b5 12. dxc5 Bxc5 13. e4 Nd7 14. Be3 Bxe3 15.
Qxe3 Bb7 16. Rac1 Rad8 17. Nd5 exd5 18. exd5 Ndb8 19. dxc6 Rxd1+ 20. Rxd1 Nxc6
21. Ng5 Nd8 22. Qd3 g6 23. Qd7 Qf4 24. Nxf7 Nxf7 25. Qxb7 Kh8 26. Qxa6 Ng5 27.
Qb6 Qf5 28. Qd4+ Rf6 29. Qe3 Kg7 30. Rc1 Nf7 31. Rc7 Qb1+ 32. Qc1 Qxc1+ 33.
Rxc1 Nd6 34. Rc7+ Kf8 35. Rxh7 Ne4 36. f3 Nc5 37. Rc7 Nd3 38. Rb7 Rc6 39. Rxb5
Rc1+ 40. Kh2 Nxb2 41. Rd5 Rc3 42. Rd7 Nd3 43. Rf7+ Ke8 44. Rf6 g5 45. Rf5 Ke7
46. Rxg5 Kf6 47. h4 Nf4 48. Kg3 Ne2+ 49. Kg4 Nd4 50. h5 Rc1 51. Rd5 Nc6 52. f4
Ne7 53. Rd6+ Kg7 54. h6+ Kh7 55. Rd7 Re1 56. Kg5 Kh8 57. Rd8+ 1-0

[Event "34 Nezhmetdinov Cup"]
[Site ", "]
[Date "2012.09.28"]
[Round "3.18"]
[White "Elistratov, Semen"]
[Black "Yandemirov, Valeri"]
[Result "0-1"]
[WhiteElo "2000"]
[BlackElo "2398"]
[PlyCount "74"]
[EventDate "2013.??.??"]

1. e4 e5 2. Nf3 Nc6 3. Bb5 a6 4. Ba4 d6 5. c3 f5 6. exf5 Bxf5 7. O-O Bd3 8. Re1
Be7 9. Bc2 Bxc2 10. Qxc2 Nf6 11. d4 e4 12. Ng5 d5 13. f3 h6 14. Nh3 O-O 15. Nd2
exf3 16. Nxf3 Rf7 17. Nf2 Bd6 18. Bd2 Qf8 19. Ne5 Bxe5 20. dxe5 Nd7 21. Ng4 Re7
22. e6 Nf6 23. Rf1 Rxe6 24. Qg6 Ne5 25. Nxh6+ Kh8 26. Qf5 Rae8 27. Bg5 Qc5+ 28.
Kh1 Ne4 29. Ng4 Nxg4 30. Qxg4 Nf2+ 31. Rxf2 Qxf2 32. h3 Re4 33. Qh5+ Kg8 34.
Kh2 Qf5 35. h4 Qe5+ 36. Kh1 Qg3 37. Rf1 Rf8 0-1

[Event "34 Nezhmetdinov Cup"]
[Site ", "]
[Date "2012.09.28"]
[Round "3.18"]
[White "Ayupov, Damir"]
[Black "Glukhov, Alexander"]
[Result "0-1"]
[WhiteElo "2362"]
[BlackElo "2150"]
[PlyCount "40"]
[EventDate "2013.??.??"]

1. e4 c5 2. Nf3 g6 3. d4 cxd4 4. Nxd4 Nf6 5. Nc3 d6 6. Be3 Bg7 7. f3 O-O 8. Qd2
Nc6 9. O-O-O d5 10. exd5 Nxd5 11. Nxc6 bxc6 12. Bd4 Bxd4 13. Qxd4 Qb6 14. Na4
Qa5 15. b3 Be6 16. Bc4 Rfd8 17. Qe5 Qb4 18. Bxd5 Rxd5 19. Qc7 Ra5 20. Kb1 Rxa4
0-1

[Event "34 Nezhmetdinov Cup"]
[Site ", "]
[Date "2012.09.28"]
[Round "3.19"]
[White "Jusupov, Tabris"]
[Black "Gerasimov, Ivan"]
[Result "0-1"]
[WhiteElo "1954"]
[BlackElo "2330"]
[PlyCount "65"]
[EventDate "2013.??.??"]

1. d4 Nf6 2. c4 e6 3. Nc3 Bb4 4. Nf3 O-O 5. e3 d6 6. Qb3 Bxc3+ 7. Qxc3 Nbd7 8.
Be2 Qe7 9. O-O a5 10. Re1 e5 11. Bf1 e4 12. Nd2 Re8 13. Be2 Nf8 14. f3 Bf5 15.
Nxe4 Nxe4 16. fxe4 Bxe4 17. Bd3 Ng6 18. Qc2 Qh4 19. g3 Qg4 20. Bxe4 Rxe4 21.
Qg2 Rae8 22. Bd2 h5 23. Rf1 Qe6 24. b3 h4 25. Qf3 Rg4 26. d5 Qd7 27. Bc3 hxg3
28. hxg3 Nh4 29. Qf2 Rg5 30. Kh2 Nf5 31. Qf4 Rh5+ 32. Kg1 Nxe3 33. Rf3 0-1

[Event "34 Nezhmetdinov Cup"]
[Site ", "]
[Date "2012.09.28"]
[Round "3.20"]
[White "Yuzhakov, Oleg"]
[Black "Nizamov, Bulat"]
[Result "1/2-1/2"]
[WhiteElo "2325"]
[BlackElo "1901"]
[PlyCount "114"]
[EventDate "2013.??.??"]

1. d4 d5 2. e3 Nf6 3. Bd3 e6 4. Nd2 c5 5. c3 Nc6 6. f4 Qc7 7. Qf3 Bd6 8. Ne2 b6
9. O-O a5 10. dxc5 Bxc5 11. Nd4 O-O 12. Nb5 Qb8 13. Kh1 e5 14. e4 exf4 15. Qxf4
Qxf4 16. Rxf4 Be3 17. Rxf6 gxf6 18. Nc7 Ne5 19. Be2 Rb8 20. Nxd5 Bg5 21. Nf3
Nxf3 22. gxf3 Be6 23. Bxg5 fxg5 24. Rg1 h6 25. f4 Bxd5 26. exd5 f6 27. h4 Kg7
28. Rg3 Rfe8 29. Bd3 Rh8 30. Kg2 Rbg8 31. fxg5 hxg5 32. hxg5 fxg5 33. d6 Rd8
34. Rxg5+ Kf6 35. Rd5 Ke6 36. Bc4 Rxd6 37. Rxa5+ Kf6 38. Rb5 Rc8 39. Be2 Re8
40. Kf1 Rf8 41. Ke1 Ke7 42. c4 Kd7 43. c5 bxc5 44. Rxc5 Re8 45. b3 Rc6 46. Rd5+
Rd6 47. Rg5 Ra6 48. Rd5+ Rd6 49. Rf5 Ra6 50. a4 Rae6 51. Rd5+ Kc7 52. Rc5+ Rc6
53. Rxc6+ Kxc6 54. Kd2 Kc5 55. Bb5 Rb8 56. Kc3 Rxb5 57. axb5 Kxb5 1/2-1/2

[Event "34 Nezhmetdinov Cup"]
[Site ", "]
[Date "2012.09.28"]
[Round "3.21"]
[White "Malygin, Alexander"]
[Black "Hasangatin, Ramil"]
[Result "0-1"]
[WhiteElo "2200"]
[BlackElo "2503"]
[PlyCount "62"]
[EventDate "2013.??.??"]

1. e4 c5 2. Nc3 a6 3. Nf3 e6 4. d4 cxd4 5. Nxd4 Qc7 6. Bd3 Nc6 7. Nxc6 bxc6 8.
O-O d5 9. Qe2 Nf6 10. Re1 Be7 11. e5 Nd7 12. Qg4 g6 13. Qg3 h5 14. f4 Bb7 15.
Na4 h4 16. Qf2 c5 17. c4 dxc4 18. Be4 Bd5 19. Bxd5 exd5 20. Qf3 Qc6 21. Nc3 Nb6
22. a4 Rd8 23. a5 Na8 24. Ra4 Qe6 25. b3 cxb3 26. f5 Qxf5 27. Rf4 Qh5 28. Nxd5
Qxf3 29. Nf6+ Bxf6 30. exf6+ Kf8 31. Rxf3 Re8 0-1

[Event "34 Nezhmetdinov Cup"]
[Site ", "]
[Date "2012.09.28"]
[Round "3.22"]
[White "Sarana, Alexey"]
[Black "Charochkina, Daria"]
[Result "1-0"]
[WhiteElo "2118"]
[BlackElo "2366"]
[PlyCount "77"]
[EventDate "2013.??.??"]

1. e4 c5 2. Nf3 Nc6 3. d4 cxd4 4. Nxd4 e6 5. Nc3 d6 6. Be3 Nf6 7. f4 Qc7 8. Qf3
a6 9. O-O-O Be7 10. g4 Nxd4 11. Bxd4 e5 12. fxe5 dxe5 13. Qg3 Bd6 14. Be3 Bxg4
15. h3 Bxd1 16. Qxg7 O-O-O 17. Qxf6 Bc5 18. Bxc5 Qxc5 19. Nxd1 Rhg8 20. Qf3 Rg6
21. Bd3 Rdd6 22. Qe3 Rd4 23. Rg1 Qd6 24. Rxg6 hxg6 25. Nc3 Qc5 26. Qf2 Qe7 27.
Qg3 Qe6 28. Qf3 Rd8 29. Nd5 f5 30. exf5 Qf7 31. Bc4 Kb8 32. f6 Qe6 33. f7 Rf8
34. Ne3 Qb6 35. Qe4 Qc5 36. Bd5 Qe7 37. Qxg6 Qb4 38. c3 Qf4 39. Qd6+ 1-0

[Event "34 Nezhmetdinov Cup"]
[Site ", "]
[Date "2012.09.28"]
[Round "3.23"]
[White "Vafin, Ayrat"]
[Black "Demianjuk, Alexander"]
[Result "0-1"]
[WhiteElo "2161"]
[BlackElo "2324"]
[PlyCount "54"]
[EventDate "2013.??.??"]

1. d4 Nf6 2. c4 e6 3. Nc3 Bb4 4. Qc2 O-O 5. a3 Bxc3+ 6. Qxc3 b5 7. cxb5 c6 8.
Bg5 cxb5 9. e3 Bb7 10. Nf3 a6 11. Bd3 d6 12. e4 h6 13. Bxf6 gxf6 14. Qd2 Kh7
15. Qf4 Rg8 16. g4 e5 17. Qf5+ Rg6 18. Qh5 d5 19. Nd2 Nc6 20. exd5 Nxd4 21.
O-O-O b4 22. a4 Qa5 23. Ne4 Qxa4 24. Nxf6+ Kg7 25. g5 Nb3+ 26. Kb1 Rc8 27.
gxh6+ Kh8 0-1

[Event "34 Nezhmetdinov Cup"]
[Site ", "]
[Date "2012.09.28"]
[Round "3.24"]
[White "Ismailov, Mukhit"]
[Black "Murtazin, Bulat"]
[Result "0-1"]
[WhiteElo "2209"]
[BlackElo "2012"]
[PlyCount "72"]
[EventDate "2013.??.??"]

1. d4 Nf6 2. g3 g6 3. Bg2 Bg7 4. Nf3 O-O 5. O-O d6 6. c4 Nbd7 7. Nc3 e5 8. Qc2
Re8 9. Rd1 Qe7 10. h3 Nf8 11. d5 e4 12. Nd4 h6 13. Be3 N8h7 14. Kh2 Kh8 15. Qd2
Rg8 16. Rac1 Bd7 17. b4 h5 18. Kg1 Rae8 19. c5 g5 20. Nb3 Bf5 21. Na5 Qd7 22.
Kh2 h4 23. Bxg5 hxg3+ 24. fxg3 Nh5 25. Bf4 Nxf4 26. gxf4 e3 27. Qe1 Bf6 28. Bf3
Rg6 29. c6 bxc6 30. dxc6 Qc8 31. Nd5 Rh6 32. Nxf6 Nxf6 33. Qc3 Rg8 34. Bh5 Kh7
35. Rd3 Rxh5 36. Rxe3 Nd5 0-1

[Event "34 Nezhmetdinov Cup"]
[Site ", "]
[Date "2012.09.28"]
[Round "3.25"]
[White "Timofeev, Artyom"]
[Black "Shkuro, Alexandr"]
[Result "1-0"]
[WhiteElo "2640"]
[BlackElo "2030"]
[PlyCount "47"]
[EventDate "2013.??.??"]

1. d4 d5 2. c4 e6 3. Nc3 Nf6 4. Bg5 Be7 5. e3 O-O 6. cxd5 exd5 7. Bd3 Re8 8.
Bxf6 Bxf6 9. Qh5 g6 10. Qxd5 c6 11. Qxd8 Rxd8 12. Nf3 c5 13. Ne4 Be7 14. Rc1
Bg4 15. Nxc5 Bxf3 16. gxf3 Bxc5 17. Rxc5 Nc6 18. Be4 Rac8 19. Ke2 Ne7 20. Rhc1
b6 21. Rc7 Rxc7 22. Rxc7 Nc8 23. Bc2 a5 24. Rb7 1-0

[Event "34 Nezhmetdinov Cup"]
[Site ", "]
[Date "2012.09.28"]
[Round "3.26"]
[White "Sazonova, Anastasia"]
[Black "Shurakov, Denis"]
[Result "1/2-1/2"]
[WhiteElo "2067"]
[BlackElo "2280"]
[PlyCount "65"]
[EventDate "2013.??.??"]

1. e4 c5 2. Nf3 d6 3. d4 cxd4 4. Nxd4 Nf6 5. Nc3 a6 6. Be2 Nbd7 7. O-O e6 8.
Be3 Be7 9. f4 O-O 10. Bf3 Nb6 11. Qe2 Qc7 12. Rad1 Nc4 13. Bc1 e5 14. Nf5 Bxf5
15. exf5 Nxb2 16. Bxb2 Qb6+ 17. Kh1 Qxb2 18. Nd5 Nxd5 19. Bxd5 Rac8 20. Bb3 Rc7
21. Qe3 exf4 22. Qb6 Qc3 23. Rxf4 Qc5 24. Qb4 Qxb4 25. Rxb4 Bf6 26. Rb6 Be5 27.
Rb1 g6 28. fxg6 hxg6 29. Ba4 Rc4 30. Bb3 Rc7 31. Ba4 Rc4 32. Bb3 Rc7 33. Ba4
1/2-1/2

[Event "34 Nezhmetdinov Cup"]
[Site ", "]
[Date "2012.09.28"]
[Round "3.27"]
[White "Merkushev, Dmitry"]
[Black "Trapeznikova, Darya"]
[Result "1-0"]
[WhiteElo "2130"]
[BlackElo "2069"]
[PlyCount "77"]
[EventDate "2013.??.??"]

1. d4 e6 2. Nf3 c5 3. c3 Nc6 4. e4 d5 5. e5 Bd7 6. Bd3 cxd4 7. cxd4 Nb4 8. O-O
Nxd3 9. Qxd3 Ne7 10. b3 Nf5 11. a4 Rc8 12. Bd2 Be7 13. Na3 O-O 14. Nc2 a6 15.
Rfc1 Qb6 16. g4 Nh4 17. Nxh4 Bxh4 18. g5 Qd8 19. f4 f6 20. exf6 gxf6 21. g6 Be8
22. gxh7+ Kh8 23. Qh3 f5 24. Ba5 b6 25. Be1 Bf6 26. Bf2 Rc7 27. Nb4 a5 28. Nd3
Rxh7 29. Qe3 Bd7 30. Ne5 Be8 31. Rc2 Qd6 32. Rc8 Rc7 33. Rc1 Rxc1+ 34. Qxc1
Bxe5 35. fxe5 Rg8+ 36. Kh1 Qe7 37. Rc7 Qf8 38. Bh4 Bf7 39. Be7 1-0

[Event "34 Nezhmetdinov Cup"]
[Site ", "]
[Date "2012.09.28"]
[Round "3.28"]
[White "Bakunin, Damir"]
[Black "Zlachevskiy, Leonid"]
[Result "0-1"]
[WhiteElo "2024"]
[BlackElo "2124"]
[PlyCount "97"]
[EventDate "2013.??.??"]

1. e4 e5 2. Nf3 d6 3. d4 Nf6 4. Nc3 Nbd7 5. Bc4 Be7 6. O-O O-O 7. Re1 c6 8. a4
Rb8 9. h3 b6 10. d5 cxd5 11. exd5 Bb7 12. Be3 Qc7 13. Qe2 Rfc8 14. Ba6 Nc5 15.
Bxb7 Qxb7 16. Rad1 a6 17. Bg5 b5 18. axb5 axb5 19. Bxf6 Bxf6 20. Ne4 Nxe4 21.
Qxe4 Rc4 22. Qd3 Rbc8 23. Re2 g6 24. c3 b4 25. Nd2 R4c7 26. c4 b3 27. Ne4 Be7
28. c5 Rxc5 29. Nxc5 Rxc5 30. Re4 f5 31. Rc4 e4 32. Qf1 Rxd5 33. Rxd5 Qxd5 34.
Rc8+ Kf7 35. Qc4 Ke6 36. Qxd5+ Kxd5 37. Rc3 Bf6 38. Rxb3 Kc4 39. Rb7 d5 40. Kf1
h5 41. Ke2 d4 42. b3+ Kc3 43. Kd1 d3 44. b4 Bd4 45. f3 e3 46. b5 e2+ 47. Ke1
Kc2 48. Rc7+ Bc3+ 49. Rxc3+ 0-1

[Event "34 Nezhmetdinov Cup"]
[Site "Êàçàíü, "]
[Date "2012.09.29"]
[Round "4.1"]
[White "Onischuk, Vladimir"]
[Black "Grigoriants, Sergey"]
[Result "1/2-1/2"]
[WhiteElo "2547"]
[BlackElo "2578"]
[PlyCount "144"]
[EventDate "2013.??.??"]

1. Nf3 Nf6 2. g3 g6 3. Bg2 Bg7 4. O-O O-O 5. Re1 d5 6. d3 c5 7. Nbd2 Nc6 8. e4
e6 9. Qe2 Re8 10. Nb3 c4 11. dxc4 Nxe4 12. cxd5 exd5 13. Bg5 Qd6 14. Bf4 Qf6
15. c3 Bg4 16. h3 Bh5 17. Be3 Bxf3 18. Qxf3 Qxf3 19. Bxf3 Ne5 20. Kg2 Nc4 21.
Re2 a6 22. Rd1 Rad8 23. Bc1 f5 24. Nc5 Nxb2 25. Rxb2 Nxc5 26. Rxd5 Nd3 27. Bg5
Nxb2 28. Bxd8 Nc4 29. Bg5 Ne5 30. Bd1 Nf7 31. Bd2 Rd8 32. Bf3 Kf8 33. c4 Rxd5
34. Bxd5 Nd8 35. g4 fxg4 36. hxg4 Nc6 37. g5 Ke7 38. Kg3 Bd4 39. f3 Kd6 40. Bg8
Ne7 41. Bf7 Kc5 42. Kf4 Nf5 43. Bc1 Bc3 44. Be6 h6 45. gxh6 Nxh6 46. Kg5 Nf5
47. f4 Nd4 48. Bc8 Ne2 49. Be3+ Kxc4 50. Bxb7 Kd3 51. Bb6 a5 52. Ba6+ Kd2 53.
a4 Kd1 54. Be3 Bb4 55. Bb5 Bd6 56. Be8 Nc3 57. Bd4 Ne4+ 58. Kg4 Nc5 59. Be5 Be7
60. Bc7 Kc2 61. Bxa5 Kb3 62. Be1 Nxa4 63. Bf7+ Kc2 64. Bxg6+ Kd1 65. Bh4 Bd6
66. f5 Nb6 67. Bf7 Nd7 68. Be6 Ne5+ 69. Kh5 Nf3 70. Bf2 Be5 71. Bc8 Nd4 72. Kg6
Nxf5 1/2-1/2

[Event "34 Nezhmetdinov Cup"]
[Site "Êàçàíü, "]
[Date "2012.09.29"]
[Round "4.2"]
[White "Iskusnyh, Sergei"]
[Black "Vorobiov, Evgeny E"]
[Result "0-1"]
[WhiteElo "2486"]
[BlackElo "2594"]
[PlyCount "46"]
[EventDate "2013.??.??"]

1. d4 Nf6 2. c4 e6 3. g3 d5 4. Nf3 dxc4 5. Bg2 a6 6. O-O Nc6 7. e3 Rb8 8. Nfd2
e5 9. Bxc6+ bxc6 10. dxe5 Ng4 11. Nxc4 Be6 12. Qc2 h5 13. Rd1 Qc8 14. h4 g5 15.
Nbd2 gxh4 16. Ne4 Be7 17. f3 Bxc4 18. Qxc4 Nxe5 19. Qc3 Qf5 20. Rf1 hxg3 21. b3
g2 22. Rf2 Rg8 23. Bb2 Qh3 0-1